| 000 | 00432nam a22001577a 4500 | ||
|---|---|---|---|
| 003 | OSt | ||
| 005 | 20251028114732.0 | ||
| 007 | 765 pages | ||
| 008 | 251028b |||||||| |||| 00| 0 eng d | ||
| 040 | _c | ||
| 082 |
_26 _a621.3815 _bMAN |
||
| 245 |
_aDigital design _bWith an Introduction to the verilog HDL, VHDL, and system verilog _cMano,Morris M |
||
| 250 | _a6 | ||
| 260 |
_bpearson _c2018 |
||
| 942 |
_2ddc _cBK _e6 _k621.3815 _mMAN _n0 |
||
| 999 |
_c36288 _d36288 |
||